Vishnu et Ananta, les gardiens du monde (notice n° 1717593)

détails MARC
000 -LEADER
fixed length control field 01904cam a2200169 4500500
005 - DATE AND TIME OF LATEST TRANSACTION
control field 20260322001747.0
041 ## - LANGUAGE CODE
Language code of text/sound track or separate title fre
042 ## - AUTHENTICATION CODE
Authentication code dc
100 10 - MAIN ENTRY--PERSONAL NAME
Personal name M’Bondjo, Maud
Relator term author
245 00 - TITLE STATEMENT
Title Vishnu et Ananta, les gardiens du monde
260 ## - PUBLICATION, DISTRIBUTION, ETC.
Date of publication, distribution, etc. 2026.<br/>
500 ## - GENERAL NOTE
General note 33
520 ## - SUMMARY, ETC.
Summary, etc. Depuis le XIXe siècle, plus de soixante-dix États ont choisi de déménager leur capitale, soit plus d’un tiers des 193 États représentés de nos jours à l’ONU. Les exemples ne manquent pas : Abidjan/Yamoussoukro, Kyoto/Tokyo, Istanbul/Ankara, Rangoon/Naypyidaw, Obock/Djibouti, Fès/Rabat ou Almaty/Astana. Le déménagement le plus récent, particulièrement médiatisé, est celui de Jakarta, la capitale indonésienne, pour Nusantara, sur l’île de Bornéo, officiellement inaugurée en août 2024. Montée des eaux, conflit politique ou succession dynastique, volonté de se moderniser … comment expliquer la détermination d’un États à déménager une capitale, à changer de lieu d’exercice du pouvoir ? S’agit-il d’un geste avant tout politique ou symbolique ?
520 ## - SUMMARY, ETC.
Summary, etc. Since the 19th century, more than seventy states have chosen to relocate their capital cities – representing more than a third of the 193 states currently represented at the UN. The most recent relocation has been a high-profile one, with the former Indonesian capital of Jakarta giving way to the new capital Nusantara on the island of Borneo, which was officially inaugurated in August 2024. Indonesia is not alone in taking such a step. How can we explain a political power’s desire to relocate a capital city, to change the seat of power ? Is this gesture primarily political, or primarily symbolic ?
786 0# - DATA SOURCE ENTRY
Note Sciences Humaines | 386 | 2 | 2026-02-12 | p. 82-82 | 0996-6994
856 41 - ELECTRONIC LOCATION AND ACCESS
Uniform Resource Identifier <a href="https://shs.cairn.info/magazine-sciences-humaines-2026-2-page-82?lang=fr&redirect-ssocas=7080">https://shs.cairn.info/magazine-sciences-humaines-2026-2-page-82?lang=fr&redirect-ssocas=7080</a>

Pas d'exemplaire disponible.

PLUDOC

PLUDOC est la plateforme unique et centralisée de gestion des bibliothèques physiques et numériques de Guinée administré par le CEDUST. Elle est la plus grande base de données de ressources documentaires pour les Étudiants, Enseignants chercheurs et Chercheurs de Guinée.

Adresse

627 919 101/664 919 101

25 boulevard du commerce
Kaloum, Conakry, Guinée

Réseaux sociaux

Powered by Netsen Group @ 2025